載入...
Demography and evolution in plant populations
| 主要作者: | |
|---|---|
| 格式: | Printed Book |
| 語言: | Undetermined English |
| 出版: |
Oxford
Blackwell Scientific Publications
1980
|
| LEADER | 00539nam a2200157Ia 4500 | ||
|---|---|---|---|
| 008 | 140306s9999 xx 000 0 und d | ||
| 041 | |a eng | ||
| 082 | |a 580 |b SOL/DE | ||
| 100 | |a Solbrig, O T | ||
| 245 | |a Demography and evolution in plant populations | ||
| 260 | |a Oxford |b Blackwell Scientific Publications |c 1980 | ||
| 300 | |a 222 | ||
| 365 | |b Rs.17.50 | ||
| 942 | |2 ddc |c BK | ||
| 999 | |c 117011 |d 117011 | ||
| 952 | |0 0 |1 0 |2 ddc |4 0 |6 580_000000000000000_SOLDE |7 0 |9 115792 |a KAUHCV |b KAUHCV |d 2004-04-28 |g 17.50 |o 580 SOL/DE |p KAU_HCV-16599 |r 2014-03-22 |w 2014-03-22 |y BK | ||